Tribal struggle for freedom : (Record no. 37369)

MARC details
000 -LEADER
fixed length control field 00834nam a22002177a 4500
005 - DATE AND TIME OF LATEST TRANSACTION
control field 20100723123156.0
010 ## - LCCN (DPL NO)
LC control number ENG-96576
020 ## - INTERNATIONAL STANDARD BOOK NUMBER
International Standard Book Number 8180895123
Terms of availability 300.00
020 ## - INTERNATIONAL STANDARD BOOK NUMBER
International Standard Book Number 9788180695124
Terms of availability 300.00
035 ## - SYSTEM CONTROL NUMBER
System control number EN-80109
037 ## - SOURCE OF ACQUISITION
Source of stock number/acquisition DBAD /PUB
082 ## - DEWEY DECIMAL CLASSIFICATION NUMBER
Classification number 954.1270089
100 ## - MAIN ENTRY--PERSONAL NAME
Personal name Sen, Sunil Kumar
245 ## - TITLE STATEMENT
Title Tribal struggle for freedom :
Remainder of title Singhbhum 1820-1858 /
Statement of responsibility, etc by Sunil Kumar Sen
260 ## - PUBLICATION, DISTRIBUTION, ETC. (IMPRINT)
Place of publication, distribution, etc New Delhi
Name of publisher, distributor, etc Concept Publishing Co.
Date of publication, distribution, etc 2008
270 ## - ADDRESS
Address A/15-16,Commercial Block,Mohan Garden
City New Delhi
Postal code 110059
300 ## - PHYSICAL DESCRIPTION
Extent 128p.
Dimensions 23cm (Hb)
500 ## - GENERAL NOTE
General note Includes bibliographical references and index
942 ## - ADDED ENTRY ELEMENTS (KOHA)
Source of classification or shelving scheme Dewey Decimal Classification
Item type English Books
Call number suffix SEN
Classification part 954.1270089
Holdings
Withdrawn status Lost status Not for loan Collection code Home library Current library Date acquired Source of acquisition Cost, normal purchase price Full call number Barcode Copy number Cost, replacement price Koha item type
    Not For Loan Non-fiction D.B.Act.Division D.B.Act.Division 23/07/2010 DBAD/PUB 300.00 954.1270089 SEN EN-80109 1 300.00 English Books

© Delhi Public Library
Hit Counter
free hit counter